00530nam a2200193 a 4500001001300000003000900013005001700022008004100039020002300080082001600103100002500119245005700144260003600201300000900237500003500246505001000281650002000291700002500311nice12345678IN_TiNIC20260116014014.0050524s2000 newa grp 000 0 eng  a0141577 c20000a615.53bTHO aThottam, Paul Joseph aSiddha Medicine, a Handbook of Tradidtional Remedies aNew DelhibPenguin Books c2000 a188p aincludes index and biblioraphy2 aIndex aSiddha-Medicine1 aThottam, Paul Joseph